| 000 | 00469nam a2200145Ia 4500 | ||
|---|---|---|---|
| 005 | 20250321154609.0 | ||
| 008 | 231217s9999 xx 000 0 und d | ||
| 020 | _a9788178531601 | ||
| 082 | _a001.6424WIN RUS;1 R | ||
| 100 | _aRussnovich, Mark E. Solomon, David A. Lonescu, Alex. | ||
| 245 | 0 | _aWindows internals : covering windows server 2008 and windows vista | |
| 260 |
_c2009 _bWP publishers and Distributors _aBangalore |
||
| 300 | _axxvi, 1232 | ||
| 942 | _cAA | ||
| 999 |
_c184858 _d184858 |
||